000 01499nam0a2200349 4500
001 RU\NLR\bibl\1873623
005 20250616191236.0
010 _a978-5-699-52627-7
_94000
021 _aRU
_b2012-3900
_933д/12
035 _a(NLR Aleph) 001863447
090 _a2563059
_c2563059
100 _a20120224d2012 |||y0rusy50 ca
101 1 _arus
_ceng
102 _aRU
105 _ay |||||||||
200 1 _aЛюбовь как образ жизни
_eсемь качеств, которые улучшают отношения
_fГэри Чепмен
_g[пер. с англ. Татьяны Новиковой]
210 _aМосква
_cЭксмо
_d2012
215 _a379, [3] с.
_d20
225 1 _aПсихология
_iГлавные книги жизни
320 _aБиблиогр.: с. 369-380
606 1 _aЛюбовь
_jПопулярные издания
_xСоциально-психологические исследования
_92154281
_3RU\NLR\auth\661297044
606 1 _aСемья и брак
_jПопулярные издания
_xСоциально-психологические исследования
_92075079
_3RU\NLR\auth\661250120
686 _aС550.353я9
686 _aС550.53я9
700 1 _4070
_7ca
_8rus
_aЧепмен
_bГ.
_cпсихолог
_f1938-
_gГэри
_9139553
_3RU\NLR\AUTH\770139588
801 0 _aRU
_bNLR
_c20120224
_gRCR
801 1 _aRU
_bNLR
_c20120224
830 _aпо кн
942 _cBOOK
980 _aNB
980 _aNBR